000 00840nam a22002177a 4500
003 UA-OsUOA
001 110695
007 ta
008 20150331b un ||||| |||| 00| 0 ukr d
100 _aШуляр В.
090 _a82
_bШ95
942 _cSA
040 _aUA-OsUOA
_bukr
_cUA-OsUOA
_dUA-OsUOA
245 _aУправління розвитком методичної компетентності вчителів-словесників (конструювання компетентнісно-діяльнісного уроку літератури)
300 _aС.13-18
955 _a0
041 _aukr
080 _a82
773 0 _w110693
_tУкраїнська література в загальноосвітній школі
_dК.
_d2015
_g2
650 7 _a82 Література. Літературознавство
_2UDC
999 _c396795
_d396795